| 000 | 00843-am-a2200253-a-4500 | ||
|---|---|---|---|
| 001 | 000160858 | ||
| 003 | AM-YEHGA | ||
| 005 | 20250618075947.0 | ||
| 008 | 971105s1962 xxu 000 0 rus u | ||
| 020 | _c350.00 | ||
| 040 | _aAM-YeHGA | ||
| 245 | 0 | 0 | _aПушкин и его время. |
| 260 | 0 |
_aЛ. : _bИзд-во Гос. Эрмитажа, _c1962. |
|
| 300 |
_a603с. : _bил. ; _c22 см. |
||
| 440 | 0 |
_aИсследования и материалы _vВып.1 |
|
| 500 | _aВсесоюз. музей А.С.Пушкина | ||
| 650 | 1 | 4 |
_aХудожественная литература _94918 |
| 653 | _aРусская литература | ||
| 700 | 1 | 0 |
_aВейс, А.Ю. _4edt |
| 700 | 1 |
_aГордин, А.М. _4edt |
|
| 700 | 1 |
_aЛанда, С.С. _4edt |
|
| 700 | 1 |
_aКалаушин, М.М. _4edt |
|
| 090 | _c517252 | ||
| 999 |
_c513736 _d513736 |
||